LEADER 02225nam0 2200445 i 450 001 VAN0124064 005 20230703020930.413 017 70$2N$a9783319654799 100 $a20191007d2017 |0itac50 ba 101 $aeng 102 $aCH 105 $a|||| ||||| 200 1 $aGame-Theoretic Learning and Distributed Optimization in Memoryless Multi-Agent Systems$fTatiana Tatarenko 210 $aCham$cSpringer$d2017 215 $aix, 171 p.$cill.$d24 cm 500 1$3VAN0235621$aGame-Theoretic Learning and Distributed Optimization in Memoryless Multi-Agent Systems$91562496 606 $a91-XX$xGame theory, economics, finance, and other social and behavioral sciences [MSC 2020]$3VANC025601$2MF 606 $a60J20$xApplications of Markov chains and discrete-time Markov processes on general state spaces (social mobility, learning theory, industrial processes, etc.) [MSC 2020]$3VANC029367$2MF 606 $a91A40$xOther game-theoretic models [MSC 2020]$3VANC029379$2MF 606 $a91A26$xRationality and learning in game theory [MSC 2020]$3VANC035198$2MF 610 $aConsensus-based algorithms$9KW:K 610 $aDistributed Optimization$9KW:K 610 $aGame Theory$9KW:K 610 $aGame-theoretic approach to optimization$9KW:K 610 $aGame-theoretic learning$9KW:K 610 $aLearning algorithms$9KW:K 610 $aMulti-agent Optimization$9KW:K 610 $aPotential games$9KW:K 610 $aStochastic methods$9KW:K 620 $aCH$dCham$3VANL001889 700 1$aTatarenko$bTatiana$3VANV095539$0767480 712 $aSpringer $3VANV108073$4650 801 $aIT$bSOL$c20240614$gRICA 856 4 $uhttp://doi.org/10.1007/978-3-319-65479-9$zE-book ? Accesso al full-text attraverso riconoscimento IP di Ateneo, proxy e/o Shibboleth 899 $aBIBLIOTECA DEL DIPARTIMENTO DI MATEMATICA E FISICA$1IT-CE0120$2VAN08 912 $fN 912 $aVAN0124064 950 $aBIBLIOTECA DEL DIPARTIMENTO DI MATEMATICA E FISICA$d08CONS e-book 0683 $e08eMF683 20191007 996 $aGame-Theoretic Learning and Distributed Optimization in Memoryless Multi-Agent Systems$91562496 997 $aUNICAMPANIA LEADER 02102nam 2200373z- 450 001 9910269346303321 005 20210211 035 $a(CKB)4100000003844753 035 $a(oapen)https://directory.doabooks.org/handle/20.500.12854/43317 035 $a(oapen)doab43317 035 $a(EXLCZ)994100000003844753 100 $a20202102d2018 |y 0 101 0 $aeng 135 $aurmn|---annan 181 $ctxt$2rdacontent 182 $cc$2rdamedia 183 $acr$2rdacarrier 200 00$aCivil society in East Asian countries: contributions to democracy, peace and sustainable development: proceedings of the conference 210 $cVytautas Magnus University$d2018 215 $a1 online resource 311 08$a609-467-325-5 330 $aThis publication is dedicated to research on East Asian civil society with special attention given to composition, development and activities of non-governmental sector. The publication gathers research of authors from Lithuania, Germany, UK, South Korea and the Czech Republic who analyze not only general situation in East Asia but also provide detailed case studies. This allows to learn more about political and socioeconomic circumstances that determine particular characteristics of civil society in China, Korea and Japan. The collection of articles will be useful both for specialists of East Asia and researchers coming from the fields of political science, history, sociology and anthropology who would like to know more about familiar topics, such as labor movements, environmental organizations or democratization processes, in the context of less known countries. 517 $aCivil society in East Asian countries 610 $aChina 610 $aCivil society 610 $aEast Asia 610 $aJapan 610 $aKorea 610 $aNon-governmental organizations 702 $aDidvalis$b Linas 906 $aBOOK 912 $a9910269346303321 996 $aCivil society in East Asian countries: contributions to democracy, peace and sustainable development: proceedings of the conference$93032348 997 $aUNINA LEADER 01933nam0 22004213i 450 001 VAN00268558 005 20250227112643.702 017 70$2N$a9781441985347 100 $a20231207d1983 |0itac50 ba 101 $aeng 102 $aUS 105 $a|||| ||||| 200 1 $aAbelian Varieties$fSerge Lang 210 $aNew York$cSpringer-Verlag$d1983 215 $axii, 256 p.$cill.$d24 cm 606 $a14-XX$xAlgebraic geometry [MSC 2020]$3VANC019702$2MF 606 $a14C05$xParametrization (Chow and Hilbert schemes) [MSC 2020]$3VANC023886$2MF 606 $a14C17$xIntersection theory, characteristic classes, intersection multiplicities in algebraic geometry [MSC 2020]$3VANC021377$2MF 606 $a14K05$xAlgebraic theory of abelian varieties [MSC 2020]$3VANC021755$2MF 606 $a14K20$xAnalytic theory of abelian varieties; abelian integrals and differentials [MSC 2020]$3VANC023900$2MF 606 $a14K30$xPicard schemes, higher Jacobians [MSC 2020]$3VANC023514$2MF 606 $a14Kxx Abelian varieties and schemes [MSC 2020]$3VANC023899$2MF 610 $aAbelian varieties$9KW:K 610 $aAlgebra$9KW:K 610 $aHomomorphism$9KW:K 610 $aVarieties$9KW:K 620 $aUS$dNew York$3VANL000011 700 1$aLang$bSerge$3VANV014141$01160 712 $aSpringer $3VANV108073$4650 790 1$aLang, S.$zLang, Serge$3VANV256279 801 $aIT$bSOL$c20260206$gRICA 856 4 $uhttps://doi.org/10.1007/978-1-4419-8534-7$zE-book ? Accesso al full-text attraverso riconoscimento IP di Ateneo, proxy e/o Shibboleth 899 $aBIBLIOTECA DEL DIPARTIMENTO DI MATEMATICA E FISICA$1IT-CE0120$2VAN08 912 $fN 912 $aVAN00268558 950 $aBIBLIOTECA DEL DIPARTIMENTO DI MATEMATICA E FISICA$d08DLOAD e-book 7595 $e08eMF7595 20231211 996 $aAbelian varieties$9117761 997 $aUNICAMPANIA